[Event "TURNIEJ O PUCHAR UKS PALAC MLODZIEZY KATOWICE Z OKAZJI DNIA NIEPODLEGLOSCI"]
[Site "Centrum Kongresow i Rekreacji Orle Gniazdo ul. Wrzosowa 28a, Szczyrk"]
[Date "1899-12-30"]
[Round "6.39"]
[White "Guzik, Michal"]
[Black "Majdecki, Robert"]
[Result "1-0"]
[WhiteTitle "II"]
[BlackTitle "II"]
[WhiteElo "1298"]
[BlackElo "1589"]

1. e4 e5 2. Nf3 Nc6 3. Bb5 a6 4. Bxc6 dxc6 5. O-O Bd6 6. Nc3 Ne7 7. d3 Bg4 8. h3
Bh5 9. g4 Bg6 10. Bg5 f6 11. Bh4 Qd7 12. Bg3 h5 13. gxh5 Bxh5 14. Kg2 Ng6 15.
Rh1 Nf4+ 16. Bxf4 exf4 17. Qg1 g5 18. Nd4 Bc5 19. Nf5 O-O-O 20. Kf1 Bg6 21. Qg4
Bxf5 22. Qxf5 Qxf5 23. exf5 Rde8 24. Ne4 Bd4 25. c3 Be5 26. d4 Bd6 27. Nxf6 Ref8
28. Ne4 Rxf5 29. Re1 g4 30. Nxd6+ cxd6 31. Kg2 gxh3+ 32. Rxh3 Rxh3 33. Kxh3 Kd7
34. Kg4 Rf8 35. Re4 d5 36. Rxf4 Rxf4+ 37. Kxf4 Ke6 38. Kg5 Kf7 39. f4 b5 40. f5
a5 41. f6 b4 42. cxb4 axb4 43. Kf5 c5 44. dxc5 d4 45. Ke4 d3 46. Kxd3 Kxf6 47.
Kc4 Ke6 48. Kxb4 Kd7 49. Kb5 Kc7 50. c6 Kb8 51. Kb6 Kc8 52. c7 1-0

[Event "TURNIEJ O PUCHAR UKS PALAC MLODZIEZY KATOWICE Z OKAZJI DNIA NIEPODLEGLOSCI"]
[Site "Centrum Kongresow i Rekreacji Orle Gniazdo ul. Wrzosowa 28a, Szczyrk"]
[Date "1899-12-30"]
[Round "6.40"]
[White "Wolak, Kamil"]
[Black "Gazda, Dominik"]
[Result "1-0"]
[WhiteTitle "II"]
[BlackTitle "II+"]
[WhiteElo "1520"]
[BlackElo "1294"]

1. e4 e5 2. Nf3 Nf6 3. Nc3 Nc6 4. d4 exd4 5. Nxd4 Bb4 6. Nxc6 bxc6 7. Bd3 O-O 8.
O-O Re8 9. f3 Bc5+ 10. Kh1 d5 11. Bg5 Be6 12. e5 d4 13. Ne4 Be7 14. exf6 gxf6
15. Bh6 f5 16. Ng3 Bg5 17. Bxg5 Qxg5 18. Qc1 Qg6 19. Qf4 Rab8 20. b3 Qf6 21. Nxf5
Bxf5 22. Bxf5 Kh8 23. Qg4 Rg8 24. Qh3 Rg7 25. Bd3 Rbg8 26. g4 h6 27. Rg1 Qf4 28.
Qg3 Qf6 29. Rae1 h5 30. Qh3 h4 31. g5 Rxg5 32. Qxh4+ Rh5 33. Qxh5+ Qh6 34. Qxh6#
1-0

[Event "TURNIEJ O PUCHAR UKS PALAC MLODZIEZY KATOWICE Z OKAZJI DNIA NIEPODLEGLOSCI"]
[Site "Centrum Kongresow i Rekreacji Orle Gniazdo ul. Wrzosowa 28a, Szczyrk"]
[Date "1899-12-30"]
[Round "6.41"]
[White "Tomkiewicz, Szymon"]
[Black "Krzysztynska, Anna"]
[Result "0-1"]
[WhiteTitle "II"]
[BlackTitle "I"]
[WhiteElo "1276"]
[BlackElo "1487"]

1. c4 e5 2. Nc3 Nf6 3. g3 Nc6 4. Bg2 Bc5 5. Nf3 d6 6. O-O O-O 7. b3 Be6 8. e3 Ne7
9. d4 exd4 10. exd4 Bb6 11. Ng5 c6 12. Nxe6 fxe6 13. Re1 Qd7 14. Bh3 Nf5 15. Bxf5
exf5 16. Bf4 Rae8 17. Qd2 Ba5 18. a3 Ne4 19. Rxe4 fxe4 20. b4 Bb6 21. Rd1 d5 22.
Qa2 Rd8 23. Bg5 Rde8 24. cxd5 Kh8 25. dxc6 Qxc6 26. Ne2 Rf5 27. Be3 Ref8 28. Qb2
Qf6 29. Qc2 Rf3 30. Qxe4 Qf7 31. Qc2 a6 32. Qd2 Bc7 33. d5 Bd6 34. Nd4 Rf6 35.
Bg5 Rg6 36. Be3 Qd7 37. Ne6 Re8 38. Nf4 Bxf4 39. Bxf4 Rd8 40. d6 b5 41. Be3 Rxd6
42. Qxd6 Qxd6 43. Rxd6 Rxd6 44. Kg2 Rd3 45. Kf3 Rxa3 46. Ke4 Rb3 47. Bc5 Rc3 48.
Kd4 Rc2 49. Kd5 Kg8 50. Kc6 a5 51. bxa5 b4 52. Bxb4 0-1

[Event "TURNIEJ O PUCHAR UKS PALAC MLODZIEZY KATOWICE Z OKAZJI DNIA NIEPODLEGLOSCI"]
[Site "Centrum Kongresow i Rekreacji Orle Gniazdo ul. Wrzosowa 28a, Szczyrk"]
[Date "1899-12-30"]
[Round "6.42"]
[White "Rainer, Piotr"]
[Black "Ossolinska, Matylda"]
[Result "0-1"]
[WhiteTitle "III"]
[BlackTitle "I"]
[WhiteElo "1198"]
[BlackElo "1460"]

1. e4 e6 2. d4 d5 3. exd5 exd5 4. Nf3 Bd6 5. Nc3 c6 6. Be3 Nf6 7. Bd3 Bg4 8. O-O
O-O 9. h3 Bh5 10. a3 Nbd7 11. g4 Bg6 12. Bxg6 fxg6 13. Qe2 Qc7 14. Bg5 Rae8 15.
Qd2 Ne4 16. Qc1 Rxf3 17. Nxe4 Rxe4 18. Kg2 Rf7 19. Re1 Rxe1 20. Qxe1 Nf8 21. Qe2
h6 22. Bd2 Bf4 23. Bb4 Bd6 24. Bd2 Qd7 25. Rf1 b6 26. c3 a5 27. Qd1 Qe6 28. Re1
Qf6 29. Rf1 Qh4 30. Qe2 h5 31. gxh5 gxh5 32. Rh1 Qe4+ 33. f3 Qxe2+ 34. Kg1 Rxf3
35. Be1 Qxb2 36. Bh4 Rxc3 37. Be1 Rc1 38. Kf1 Bg3 39. Rg1 Rxe1# 0-1

[Event "TURNIEJ O PUCHAR UKS PALAC MLODZIEZY KATOWICE Z OKAZJI DNIA NIEPODLEGLOSCI"]
[Site "Centrum Kongresow i Rekreacji Orle Gniazdo ul. Wrzosowa 28a, Szczyrk"]
[Date "1899-12-30"]
[Round "6.43"]
[White "Skowron, Mateusz"]
[Black "Kazmierowski, Tymon"]
[Result "1-0"]
[WhiteTitle "I"]
[BlackTitle "II"]
[WhiteElo "1448"]
[BlackElo "1133"]

1. e4 c5 2. Nc3 d6 3. f4 Nc6 4. Nf3 Bg4 5. Bb5 a5 6. Bxc6+ bxc6 7. d3 Nf6 8. O-O
g6 9. Qe1 Bg7 10. Nd2 O-O 11. Nc4 d5 12. Ne5 Bd7 13. Nxd7 Qxd7 14. e5 Nh5 15.
Qe2 Bh6 16. g4 Nxf4 17. Bxf4 Bxf4 18. Rxf4 Qa7 19. Kh1 c4 20. dxc4 dxc4 21. Rxc4
Qb7 22. b3 c5+ 23. Qe4 Qd7 24. Rd1 Qe6 25. Qd5 Qxg4 26. Rxg4 1-0

[Event "TURNIEJ O PUCHAR UKS PALAC MLODZIEZY KATOWICE Z OKAZJI DNIA NIEPODLEGLOSCI"]
[Site "Centrum Kongresow i Rekreacji Orle Gniazdo ul. Wrzosowa 28a, Szczyrk"]
[Date "1899-12-30"]
[Round "6.44"]
[White "Marcinkowski, Jan"]
[Black "Olsztynski, Andrzej"]
[Result "0-1"]
[WhiteTitle "II"]
[BlackTitle "II"]
[WhiteElo "1155"]
[BlackElo "1420"]

1. e4 c5 2. Nf3 Nc6 3. d4 cxd4 4. Nxd4 g6 5. Be3 Bg7 6. Nc3 d6 7. Be2 Nf6 8. f4
Bd7 9. Qd2 Rc8 10. O-O-O O-O 11. h3 Nxd4 12. Bxd4 Qc7 13. Bxf6 Bxf6 14. Nd5 Qc6
15. Nxf6+ exf6 16. c3 Qxe4 17. Bf3 Qa4 18. Bxb7 Rb8 19. Bd5 Qb5 20. Bb3 a5 21.
Qd3 Qb7 22. Qd5 Qb6 23. Qd4 Qb7 24. Qd5 Bc6 25. Qd2 a4 26. Bc4 d5 27. Bd3 0-1

[Event "TURNIEJ O PUCHAR UKS PALAC MLODZIEZY KATOWICE Z OKAZJI DNIA NIEPODLEGLOSCI"]
[Site "Centrum Kongresow i Rekreacji Orle Gniazdo ul. Wrzosowa 28a, Szczyrk"]
[Date "1899-12-30"]
[Round "6.45"]
[White "Wojtas, Julia"]
[Black "Rosenfeld, Noe"]
[Result "1-0"]
[WhiteTitle "I"]
[BlackTitle "II"]
[WhiteElo "1306"]
[BlackElo "1243"]

1. e4 c5 2. Nf3 d6 3. d4 cxd4 4. Nxd4 Nf6 5. Nc3 a6 6. Be2 e5 7. Nb3 Be6 8. O-O
Be7 9. Bf3 Nbd7 10. Be3 O-O 11. Qe2 b5 12. Na5 Qxa5 13. Nd5 Bxd5 14. exd5 Qc7
15. c3 e4 16. Bg4 Nxd5 17. Bd4 N7f6 18. Bf5 Rfe8 19. Bxe4 Bd8 20. f3 Qe7 21. Qd3
Nxe4 22. fxe4 Qxe4 23. Qg3 Qg6 24. Qf3 Nf6 25. Qxa8 Bb6 26. Qf3 Bxd4+ 27. cxd4
Re4 28. Rad1 Nh5 29. Rd2 Rf4 30. Qe2 Rxf1+ 31. Qxf1 Qe6 32. Re2 Qd7 33. Qf3 g6
34. Qa8+ Kg7 35. Qf3 Nf6 36. Qg3 h5 37. Qf3 Qg4 38. Qxg4 Nxg4 39. Re7 Nf6 40.
Ra7 Ne4 41. Rxa6 Nd2 42. Rxd6 Nc4 43. Rd8 Nxb2 44. Rb8 Nc4 45. Rxb5 Ne3 46. d5
Kf6 47. Kf2 Ke5 48. a4 Nc4 49. Rb7 f5 50. Rg7 Kf6 51. Ra7 Ke5 52. Ra6 Kxd5 53.
Rxg6 Ne5 54. Rg5 Ng4+ 55. Ke1 Nxh2 56. Rxh5 Ng4 57. Rxf5+ Ke4 58. Rb5 Ne3 59.
Rb8 Nxg2+ 60. Kf2 Nf4 61. Re8+ Kd5 62. Rf8 1-0

[Event "TURNIEJ O PUCHAR UKS PALAC MLODZIEZY KATOWICE Z OKAZJI DNIA NIEPODLEGLOSCI"]
[Site "Centrum Kongresow i Rekreacji Orle Gniazdo ul. Wrzosowa 28a, Szczyrk"]
[Date "1899-12-30"]
[Round "6.46"]
[White "Wichura, Sara"]
[Black "Dixa, Stanislaw"]
[Result "0-1"]
[WhiteTitle "II"]
[BlackTitle "I"]
[WhiteElo "1148"]
[BlackElo "1667"]

1. e4 c5 2. Nf3 e6 3. d4 cxd4 4. Nxd4 a6 5. Nc3 Qc7 6. Be3 Nf6 7. Be2 Bb4 8. Qd2
Nxe4 9. Qd3 Nxc3 10. bxc3 Bxc3+ 11. Bd2 Bxa1 12. O-O Bxd4 13. Qxd4 e5 14. Qg4
O-O 15. Bh6 g6 16. Bxf8 Kxf8 17. Qb4+ d6 18. c3 Nc6 19. Qc4 Be6 20. Qd3 Rc8 21.
Rd1 d5 22. Qf3 Kg7 23. Qg3 e4 24. Qg5 h6 25. Qg3 Qxg3 26. hxg3 Ne5 27. f4 exf3
28. gxf3 Rxc3 29. f4 Nc4 30. f5 gxf5 31. a4 Rxg3+ 32. Kh2 Re3 33. Bh5 f4 34. Rg1+
Kh7 35. Rf1 Rh3+ 36. Kg1 Rxh5 37. Rxf4 Rg5+ 38. Kf1 Bh3+ 39. Ke1 Rg1+ 40. Kf2
Rg2+ 41. Kf3 Nd2+ 42. Ke3 Nc4+ 43. Kd4 Rg4 44. Rxg4 Bxg4 45. Kxd5 Nb2 46. Kc5
Nxa4+ 47. Kd6 b5 48. Kd5 b4 49. Kd4 b3 50. Kd3 b2 51. Kc2 Bf5+ 52. Kb3 b1=Q+ 53.
Kxa4 Be6 54. Ka5 Qb5# 0-1

[Event "TURNIEJ O PUCHAR UKS PALAC MLODZIEZY KATOWICE Z OKAZJI DNIA NIEPODLEGLOSCI"]
[Site "Centrum Kongresow i Rekreacji Orle Gniazdo ul. Wrzosowa 28a, Szczyrk"]
[Date "1899-12-30"]
[Round "6.47"]
[White "Olsztynski, Jan"]
[Black "Raclawicki, Kacper"]
[Result "0-1"]
[WhiteTitle "III"]
[BlackTitle "I"]
[WhiteElo "1122"]
[BlackElo "1619"]

1. e4 c6 2. d4 d5 3. e5 c5 4. Nf3 Bg4 5. Nbd2 e6 6. h3 Bxf3 7. Nxf3 Nc6 8. Be3
Nge7 9. c3 Nf5 10. Bd3 cxd4 11. cxd4 Nxe3 12. fxe3 Bb4+ 13. Ke2 O-O 14. a3 Ba5
15. b4 Bb6 16. Kf2 Rc8 17. Rc1 Ne7 18. Qd2 Qd7 19. Rhf1 Ng6 20. Kg1 Rxc1 21. Rxc1
Rc8 22. Rc2 Kf8 23. Rc3 Ne7 24. Bxh7 g6 25. Ng5 Kg7 26. Rc2 Nf5 27. g4 Ne7 28.
Qf2 Nc6 29. Qf6+ Kh6 30. Qf4 0-1

[Event "TURNIEJ O PUCHAR UKS PALAC MLODZIEZY KATOWICE Z OKAZJI DNIA NIEPODLEGLOSCI"]
[Site "Centrum Kongresow i Rekreacji Orle Gniazdo ul. Wrzosowa 28a, Szczyrk"]
[Date "1899-12-30"]
[Round "6.48"]
[White "Klok, Kacper"]
[Black "Jaworski, Tymon"]
[Result "1-0"]
[WhiteTitle "II"]
[BlackTitle "II"]
[WhiteElo "1489"]
[BlackElo "1169"]

1. f4 d5 2. c4 dxc4 3. e4 c5 4. Bxc4 Nc6 5. Nf3 Nf6 6. Nc3 Bg4 7. Bb5 a6 8. Bxc6+
bxc6 9. Qa4 Qb6 10. Ne5 Rc8 11. f5 Qc7 12. Qxa6 e6 13. h3 Bd6 14. Nxg4 Nxg4 15.
hxg4 Bg3+ 16. Kd1 Qf4 17. Qxc8+ Ke7 18. Qxh8 Qxg4+ 19. Kc2 exf5 20. Qxh7 fxe4
21. Qxe4+ Qxe4+ 22. Nxe4 Bd6 23. Nxd6 Kxd6 24. Re1 f5 25. Kc3 f4 26. Kc4 f3 27.
gxf3 g5 28. d4 cxd4 29. Bxg5 c5 30. Be7+ Kc6 31. b4 cxb4 32. Bxb4 d3 33. Re6+
Kd7 34. Kd5 d2 35. Re7+ Kc8 36. Kd6 d1=Q+ 37. Rxd1 Kd8 38. Kc6+ Kc8 39. Re8# 1-0

[Event "TURNIEJ O PUCHAR UKS PALAC MLODZIEZY KATOWICE Z OKAZJI DNIA NIEPODLEGLOSCI"]
[Site "Centrum Kongresow i Rekreacji Orle Gniazdo ul. Wrzosowa 28a, Szczyrk"]
[Date "1899-12-30"]
[Round "6.49"]
[White "Jeda, Maciej"]
[Black "Jakubowska, Urszula"]
[Result "1-0"]
[WhiteTitle "II"]
[BlackTitle "I"]
[WhiteElo "1137"]
[BlackElo "1450"]

1. e4 e6 2. d4 d5 3. Nf3 dxe4 4. Ne5 Nc6 5. Nxc6 bxc6 6. Nc3 Bb4 7. a3 Bxc3+ 8.
bxc3 Rb8 9. c4 Nf6 10. Be3 Ba6 11. c3 O-O 12. Be2 Nd7 13. O-O Nb6 14. c5 Bxe2
15. Qxe2 Nd5 16. c4 Nf6 17. f3 Rb3 18. fxe4 Nxe4 19. Rf3 Nf6 20. Rg3 g6 21. Rf1
Kg7 22. Qd2 Ne4 23. Bh6+ Kg8 24. Qf4 Nxg3 25. hxg3 Re8 26. Qe5 f6 27. Rxf6 Rb1+
28. Kh2 Re7 29. Rxe6 1-0

[Event "TURNIEJ O PUCHAR UKS PALAC MLODZIEZY KATOWICE Z OKAZJI DNIA NIEPODLEGLOSCI"]
[Site "Centrum Kongresow i Rekreacji Orle Gniazdo ul. Wrzosowa 28a, Szczyrk"]
[Date "1899-12-30"]
[Round "6.51"]
[White "Jedras, Adrianna"]
[Black "Mocko, Maciej"]
[Result "1/2-1/2"]
[WhiteTitle "I"]
[BlackTitle "II"]
[WhiteElo "1101"]
[BlackElo "1315"]

1. e4 e5 2. Nf3 Nc6 3. d4 exd4 4. Nxd4 Nf6 5. Nxc6 bxc6 6. Nc3 Bb4 7. Bg5 h6 8.
a3 Bxc3+ 9. bxc3 O-O 10. Bh4 Re8 11. f3 d5 12. Bd3 dxe4 13. Bxe4 Qxd1+ 14. Rxd1
Nxe4 15. O-O Nxc3 16. Rd3 Ba6 17. Rxc3 Bxf1 18. Kxf1 Rab8 19. Rxc6 Rb1+ 20. Kf2
Ra1 21. Rxc7 Rxa3 22. c4 a5 23. c5 a4 24. c6 Ra2+ 25. Kg3 a3 26. Ra7 Rc8 27. c7
Ra1 28. Rb7 g5 29. Rb8 gxh4+ 30. Kxh4 Kg7 31. Rxc8 Rc1 32. Ra8 a2 33. Rxa2 Rxc7
34. Ra4 Rc2 35. Rg4+ Kh7 36. h3 f5 37. Rg3 Ra2 38. f4 Rf2 39. Rf3 Rxg2 40. Kh5
Ra2 41. Rf1 Ra3 42. Kh4 Kg6 43. Rf2 Re3 44. Rf1 h5 45. Rf2 Rd3 46. Rg2+ Kf6 47.
Rf2 Ra3 48. Rf1 Kg6 49. Rf2 Ra1 50. Rg2+ Kh6 51. Rg5 Ra5 52. Rxh5+ Kg6 53. Rg5+
Kf6 54. Kg3 Ra3+ 55. Kh4 Rf3 56. Rg3 Rxf4+ 57. Kh5 Ke5 58. Kg5 Rf1 59. Re3+ Kd4
60. Re8 f4 61. Rf8 Ke3 62. h4 f3 63. Kg4 Rg1+ 64. Kh3 f2 65. Re8+ Kf3 66. Rf8+
Ke2 67. Re8+ Kf1 68. Kh2 Rg2+ 69. Kh3 Rg7 70. h5 Kg1 71. Rf8 f1=Q+ 72. Rxf1+ Kxf1
73. Kh4 Kf2 74. h6 Rg1 75. Kh5 Kf3 76. h7 Kf4 77. Kh6 Rh1+ 78. Kg7 Rg1+ 79. Kf8
Rh1 80. Kg7 1/2-1/2

[Event "TURNIEJ O PUCHAR UKS PALAC MLODZIEZY KATOWICE Z OKAZJI DNIA NIEPODLEGLOSCI"]
[Site "Centrum Kongresow i Rekreacji Orle Gniazdo ul. Wrzosowa 28a, Szczyrk"]
[Date "1899-12-30"]
[Round "6.52"]
[White "Macura, Krzysztof"]
[Black "Kietrys, Maciej"]
[Result "0-1"]
[WhiteTitle "IV"]
[BlackTitle "II"]
[WhiteElo "1079"]
[BlackElo "1285"]

1. d4 d5 2. e3 Nf6 3. Nc3 e6 4. f4 c5 5. Bb5+ Nc6 6. Bxc6+ bxc6 7. a4 a5 8. Qe2
Ba6 9. Qf3 cxd4 10. exd4 Bb4 11. Bd2 Ne4 12. O-O-O Bxc3 13. bxc3 Qe7 14. c4 Bxc4
15. Bc3 Qa3+ 16. Bb2 Qxa4 17. f5 O-O 18. f6 Nxf6 19. Nh3 Ne4 20. Rhe1 Qb5 21.
Qf2 Nxf2 22. Nxf2 a4 0-1

[Event "TURNIEJ O PUCHAR UKS PALAC MLODZIEZY KATOWICE Z OKAZJI DNIA NIEPODLEGLOSCI"]
[Site "Centrum Kongresow i Rekreacji Orle Gniazdo ul. Wrzosowa 28a, Szczyrk"]
[Date "1899-12-30"]
[Round "6.53"]
[White "Wasala, Wiktoria"]
[Black "Klisowski, Bartosz"]
[Result "1-0"]
[WhiteTitle "I"]
[BlackTitle "II"]
[WhiteElo "1271"]
[BlackElo "1163"]

1. e4 e5 2. Nc3 Nf6 3. g3 Nc6 4. Bg2 Bc5 5. Nge2 d6 6. O-O O-O 7. d3 Bd7 8. Be3
Bxe3 9. fxe3 Bg4 10. Qe1 Qc8 11. d4 Bh3 12. Qf2 Bxg2 13. Qxg2 exd4 14. exd4 Ng4
15. Qf3 Nf6 16. Nf4 Qg4 17. Qd3 Nb4 18. Qd2 Rfe8 19. Rae1 Nc6 20. Qf2 a6 21. Nfd5
Qd7 22. Nxf6+ gxf6 23. Qxf6 Qe7 24. Qf2 b5 25. Nd5 Qe6 26. Nf6+ Kf8 27. Nxe8 Rxe8
28. d5 Qg6 29. dxc6 Re7 30. Re3 b4 31. Rf3 Ke8 32. Re1 a5 33. Qa7 Rxe4 34. Rxe4+
Qxe4 35. Re3 Qxe3+ 36. Qxe3+ Kd8 37. Qh6 Ke7 38. Qxh7 a4 39. Qe4+ Kf8 40. Qxb4
Kg7 41. Qxa4 Kg8 42. Qg4+ Kf8 43. h4 Ke8 44. h5 Kf8 45. h6 Ke7 46. h7 d5 47. h8=R
d4 48. Qe4+ Kf6 49. Qxd4+ Ke7 50. Qe5# 1-0

[Event "TURNIEJ O PUCHAR UKS PALAC MLODZIEZY KATOWICE Z OKAZJI DNIA NIEPODLEGLOSCI"]
[Site "Centrum Kongresow i Rekreacji Orle Gniazdo ul. Wrzosowa 28a, Szczyrk"]
[Date "1899-12-30"]
[Round "6.54"]
[White "Bien, Hubert"]
[Black "Obrochta, Lena"]
[Result "0-1"]
[WhiteTitle "II"]
[BlackTitle "II+"]
[WhiteElo "1267"]
[BlackElo "1147"]

1. d4 d5 2. c4 e6 3. Nc3 Nf6 4. Bg5 Nbd7 5. Nf3 Be7 6. e3 O-O 7. Bd3 c5 8. O-O
b6 9. cxd5 exd5 10. Qc2 Bb7 11. Rac1 Rc8 12. Qd2 c4 13. Be2 h6 14. Bh4 Re8 15.
Nb5 Ne4 16. Qc2 Bxh4 17. Nxh4 Qxh4 18. f3 a6 19. fxe4 axb5 20. e5 Qg5 21. Qd2
f6 22. exf6 Nxf6 23. Bf3 Qxe3+ 24. Qxe3 Rxe3 25. Rfe1 Rxe1+ 26. Rxe1 b4 27. Re3
c3 28. bxc3 bxc3 29. Re1 c2 30. Rc1 Ne4 31. Bxe4 dxe4 32. Kf2 Kf7 33. Ke2 Ke6
34. Kd2 Kd5 35. Rxc2 Rxc2+ 36. Kxc2 Kxd4 37. Kd2 Bd5 38. a3 e3+ 39. Ke2 Bc4+ 40.
Ke1 Ke4 41. h4 g5 42. hxg5 hxg5 43. a4 g4 44. g3 Kf3 45. Kf1 0-1

[Event "TURNIEJ O PUCHAR UKS PALAC MLODZIEZY KATOWICE Z OKAZJI DNIA NIEPODLEGLOSCI"]
[Site "Centrum Kongresow i Rekreacji Orle Gniazdo ul. Wrzosowa 28a, Szczyrk"]
[Date "1899-12-30"]
[Round "6.55"]
[White "Guzik, Wojciech"]
[Black "Franc, Piotr"]
[Result "1-0"]
[WhiteTitle "II+"]
[BlackTitle "II"]
[WhiteElo "1256"]
[BlackElo "1126"]

1. d4 d5 2. c4 e6 3. Nc3 Nf6 4. Bg5 Be7 5. cxd5 exd5 6. Nf3 Bf5 7. e3 Nbd7 8. Bd3
Bxd3 9. Qxd3 O-O 10. Ne5 Nxe5 11. dxe5 Ne4 12. Bxe7 Qxe7 13. Nxd5 Qh4 14. O-O
f5 15. Qc4 Kh8 16. f3 Qd8 17. fxe4 fxe4 18. Rxf8+ Qxf8 19. Rf1 Qc8 20. Qxe4 c6
21. Ne7 Qe6 22. Nf5 Rf8 23. Qf4 g6 24. Nd4 Rxf4 25. Nxe6 Rxf1+ 26. Kxf1 Kg8 27.
Ng5 Kg7 28. e6 Kf6 29. Nxh7+ Kxe6 30. Kf2 b5 31. Ng5+ Kf5 32. Nf3 a5 33. Nd4+
c5 34. Nxf5 1-0

[Event "TURNIEJ O PUCHAR UKS PALAC MLODZIEZY KATOWICE Z OKAZJI DNIA NIEPODLEGLOSCI"]
[Site "Centrum Kongresow i Rekreacji Orle Gniazdo ul. Wrzosowa 28a, Szczyrk"]
[Date "1899-12-30"]
[Round "6.56"]
[White "Mytnik, Kinga"]
[Black "Dudek, Jan"]
[Result "0-1"]
[WhiteTitle "I"]
[BlackTitle "III"]
[WhiteElo "1241"]
[BlackElo "1106"]

1. e4 c5 2. Nc3 e6 3. Bc4 Nc6 4. f4 d6 5. Nf3 Nf6 6. d4 cxd4 7. Nxd4 Nxd4 8. Qxd4
Be7 9. e5 dxe5 10. Qxd8+ Bxd8 11. fxe5 Nd7 12. Bf4 O-O 13. O-O Bb6+ 14. Kh1 Bd4
15. Rfe1 Bxc3 16. bxc3 Nb6 17. Bb3 Bd7 18. Re3 Rac8 19. Rg3 g6 20. h4 Nd5 21.
Bxd5 exd5 22. Rd1 Ba4 23. Rd2 Kh8 24. Bg5 Rce8 25. Bf6+ Kg8 26. h5 Rc8 27. h6
b5 28. Rgd3 a6 29. a3 a5 30. Rd1 b4 31. Rc1 bxa3 32. c4 dxc4 33. Rxa3 Bc6 34.
Rxa5 c3 35. Kh2 Rb8 36. Ra2 Rb2 37. Rxb2 cxb2 38. Rb1 Rb8 39. Bg5 Bb5 40. Bd2
Ba4 0-1

[Event "TURNIEJ O PUCHAR UKS PALAC MLODZIEZY KATOWICE Z OKAZJI DNIA NIEPODLEGLOSCI"]
[Site "Centrum Kongresow i Rekreacji Orle Gniazdo ul. Wrzosowa 28a, Szczyrk"]
[Date "1899-12-30"]
[Round "6.57"]
[White "Kubaszewski, Piotr"]
[Black "Markiewicz, Krzysztof"]
[Result "1-0"]
[WhiteTitle "III"]
[BlackTitle "II"]
[WhiteElo "1044"]
[BlackElo "1231"]

1. e4 c5 2. Nf3 d6 3. d4 cxd4 4. Nxd4 Nf6 5. Nc3 g6 6. Bd3 Bg7 7. Nb3 O-O 8. O-O
a6 9. f4 b5 10. e5 dxe5 11. fxe5 Qb6+ 12. Kh1 Nfd7 13. Nd5 Qd8 14. Bf4 e6 15.
Nf6+ Nxf6 16. exf6 Bxf6 17. Qf3 e5 18. Qxa8 exf4 19. Qxb8 Qe7 20. Qxf4 Bb7 21.
Qxf6 Qe6 1-0

[Event "TURNIEJ O PUCHAR UKS PALAC MLODZIEZY KATOWICE Z OKAZJI DNIA NIEPODLEGLOSCI"]
[Site "Centrum Kongresow i Rekreacji Orle Gniazdo ul. Wrzosowa 28a, Szczyrk"]
[Date "1899-12-30"]
[Round "6.58"]
[White "Smuda, Tomasz"]
[Black "Szewc, Dobromila"]
[Result "1-0"]
[WhiteTitle "III"]
[BlackTitle "II"]
[WhiteElo "1213"]
[BlackElo "1102"]

1. e4 e5 2. Nf3 Nc6 3. d4 exd4 4. Nxd4 Bc5 5. Be3 Qf6 6. c3 Nge7 7. Be2 d5 8. b4
Bb6 9. a4 a6 10. a5 Ba7 11. O-O dxe4 12. b5 axb5 13. Nxb5 Bxe3 14. Nxc7+ Kf8 15.
Nxa8 Bf4 16. Nb6 Qe6 17. Nxc8 Qxc8 18. Nd2 e3 19. fxe3 Bxe3+ 20. Kh1 Ne5 21. Nf3
Ng4 22. Qe1 Ng6 23. h3 Nf6 24. c4 Ne4 25. Qb4+ Bc5 26. Qb1 Nc3 27. Qd3 Bb4 28.
Rac1 Nxe2 29. Qxe2 Nf4 30. Qe3 Ne6 31. Ne5 f6 32. Rcd1 fxe5 1-0

[Event "TURNIEJ O PUCHAR UKS PALAC MLODZIEZY KATOWICE Z OKAZJI DNIA NIEPODLEGLOSCI"]
[Site "Centrum Kongresow i Rekreacji Orle Gniazdo ul. Wrzosowa 28a, Szczyrk"]
[Date "1899-12-30"]
[Round "6.59"]
[White "Reszka, Zofia"]
[Black "Grzyb, Anna"]
[Result "1-0"]
[WhiteTitle "I"]
[BlackTitle "II"]
[WhiteElo "1201"]
[BlackElo "1087"]

1. e4 e6 2. d4 b6 3. Nf3 Bb7 4. Nbd2 c5 5. Bd3 cxd4 6. Nxd4 Bc5 7. c3 Ne7 8. O-O
O-O 9. N2f3 f5 10. Re1 Bxd4 11. Nxd4 fxe4 12. Bxe4 Bxe4 13. Rxe4 Nbc6 14. Be3
Nd5 15. Qg4 Nxe3 16. Rxe3 Nxd4 17. Qxd4 Qe7 18. Qg4 Rf7 19. Rd1 Raf8 20. Rd2 Rf4
21. Qg3 d6 22. h3 e5 23. Kh1 Qf6 24. Ree2 h5 25. f3 h4 26. Qf2 g5 27. Qf1 e4 28.
Re3 exf3 29. gxf3 Rd8 30. Qe2 Qf7 31. Rd1 Rf6 32. b3 Kg7 33. Re7 Qxe7 34. Qxe7+
Kg6 35. Qxd8 Rxf3 36. Qxd6+ Rf6 37. Qd3+ Kh6 38. Qd6 Rxd6 1-0

[Event "TURNIEJ O PUCHAR UKS PALAC MLODZIEZY KATOWICE Z OKAZJI DNIA NIEPODLEGLOSCI"]
[Site "Centrum Kongresow i Rekreacji Orle Gniazdo ul. Wrzosowa 28a, Szczyrk"]
[Date "1899-12-30"]
[Round "6.60"]
[White "Sloniewski, Jakub"]
[Black "Grodzicki, Piotr"]
[Result "1-0"]
[WhiteTitle "II"]
[BlackTitle "II"]
[WhiteElo "1021"]
[BlackElo "1199"]

1. e4 c6 2. d4 d5 3. exd5 cxd5 4. Nf3 Nc6 5. Bb5 Bg4 6. O-O e6 7. h3 Bh5 8. Bg5
Be7 9. Bxe7 Ngxe7 10. Nc3 O-O 11. Be2 Bg6 12. Qd2 Nf5 13. Bd3 Nfxd4 14. Bxg6 Nxf3+
15. gxf3 fxg6 16. Qe3 Qf6 17. Rae1 d4 18. Qxe6+ dxc3 1-0

[Event "TURNIEJ O PUCHAR UKS PALAC MLODZIEZY KATOWICE Z OKAZJI DNIA NIEPODLEGLOSCI"]
[Site "Centrum Kongresow i Rekreacji Orle Gniazdo ul. Wrzosowa 28a, Szczyrk"]
[Date "1899-12-30"]
[Round "6.61"]
[White "Jendrowiak, Maciej"]
[Black "Stanik, Szymon"]
[Result "0-1"]
[WhiteTitle "III"]
[BlackTitle "III"]
[WhiteElo "1182"]
[BlackElo "1001"]

1. d4 d5 2. c4 Nf6 3. Nc3 e6 4. Bg5 c6 5. cxd5 cxd5 6. Nf3 Be7 7. Bxf6 Bxf6 8.
e3 O-O 9. Bd3 Qb6 10. Qc2 h6 11. Rd1 Nc6 12. O-O Nb4 13. Qb3 Nxd3 14. Qxb6 axb6
15. Rxd3 Bd7 16. a3 b5 17. e4 dxe4 18. Nxe4 b4 19. Nc5 Bb5 20. Rb3 Bxf1 21. Kxf1
bxa3 22. bxa3 b5 23. Nd3 Rab8 24. Nc5 Rfd8 25. Rd3 b4 26. axb4 Rxb4 27. Nb3 e5
28. Ke2 e4 29. Rc3 exf3+ 30. gxf3 Bxd4 31. Nxd4 Rbxd4 32. Kf1 Rd3 33. Rc4 Rxf3
34. Kg2 Rfd3 0-1

[Event "TURNIEJ O PUCHAR UKS PALAC MLODZIEZY KATOWICE Z OKAZJI DNIA NIEPODLEGLOSCI"]
[Site "Centrum Kongresow i Rekreacji Orle Gniazdo ul. Wrzosowa 28a, Szczyrk"]
[Date "1899-12-30"]
[Round "6.62"]
[White "Cieslak, Emilia"]
[Black "Zyhalko, Konrad"]
[Result "0-1"]
[WhiteTitle "II"]
[BlackTitle "III"]
[WhiteElo "1008"]
[BlackElo "1173"]

1. e4 c5 2. Nf3 g6 3. d4 cxd4 4. Nxd4 Bg7 5. c3 e6 6. Bc4 Ne7 7. Bf4 e5 8. Bg5
exd4 9. cxd4 Qa5+ 10. Nc3 Qxg5 11. Qf3 O-O 12. Rd1 Qf6 13. Qxf6 Bxf6 14. e5 Bg7
15. O-O Nbc6 16. Rfe1 a6 17. Re3 b5 18. Bb3 Na5 19. Bc2 Nc4 20. Rh3 d5 21. b3
Bxh3 22. bxc4 Be6 23. Bb3 bxc4 24. Bc2 Nc6 25. Ba4 Nb4 26. a3 Nd3 27. Bc6 Rac8
28. Bb7 Rc7 29. Bxa6 Ra7 30. Bb5 Rxa3 31. Nb1 Rb3 32. Nd2 Rxb5 33. Nf3 Rb2 34.
h3 Nxf2 35. Rf1 c3 36. Rxf2 Rxf2 37. Kxf2 c2 38. Ke2 c1=Q 39. g4 Bh6 40. g5 Bxg5
41. Nxg5 Qxg5 42. h4 Qg4+ 43. Kd3 Qf3+ 44. Kc2 Bf5+ 45. Kd2 Qd3+ 46. Ke1 Rc8 47.
Kf2 Rc2+ 48. Ke1 Qe2# 0-1

[Event "TURNIEJ O PUCHAR UKS PALAC MLODZIEZY KATOWICE Z OKAZJI DNIA NIEPODLEGLOSCI"]
[Site "Centrum Kongresow i Rekreacji Orle Gniazdo ul. Wrzosowa 28a, Szczyrk"]
[Date "1899-12-30"]
[Round "6.64"]
[White "Kosztyla, Mateusz"]
[Black "Bukala, Weronika"]
[Result "1-0"]
[WhiteTitle "II"]
[BlackTitle "II+"]
[WhiteElo "1288"]
[BlackElo "1030"]

1. e4 d5 2. exd5 Qxd5 3. Nc3 Qa5 4. d4 Nf6 5. Nf3 Bg4 6. Be2 Nc6 7. a3 O-O-O 8.
b4 Qf5 9. Be3 Kb8 10. h3 Bxf3 11. Bxf3 Ne5 12. Be2 Qg6 13. O-O Ne4 14. Nxe4 Qxe4
15. Qc1 Nc6 16. Bf3 Qg6 17. Rd1 Qd6 18. d5 Ne5 19. Be2 1-0